| Tag |
First Indicator |
Second Indicator |
Subfields |
| LEADER |
00000cam a22000008a 4500 |
| 001 |
in00002360147 |
| 005 |
20180505063105.0 |
| 008 |
070716s2007 nyua j 000 j eng |
| 015 |
|
|
|a GBA755933
|2 bnb
|
| 016 |
7 |
|
|a 013795484
|2 Uk
|
| 019 |
|
|
|a 154797991
|
| 020 |
|
|
|a 9780785127994 (hbk.)
|
| 020 |
|
|
|a 0785127992 (hbk.)
|
| 035 |
|
|
|a (OCoLC)ocn156891162
|
| 035 |
|
|
|a (OCoLC)156891162
|z (OCoLC)154797991
|
| 040 |
|
|
|a UKM
|c UKM
|d BAKER
|d ZP7
|d BTCTA
|d SRB
|d TXA
|d UtOrBLW
|
| 049 |
|
|
|a TXAM
|
| 050 |
1 |
4 |
|a PN6728.C35
|b L64 2007
|
| 082 |
0 |
4 |
|a 741.5973
|2 22
|
| 100 |
1 |
|
|a Loeb, Jeph.
|
| 245 |
1 |
0 |
|a Fallen son :
|b the death of Captain America /
|c writer, Jeph Loeb ; artists, Leinil Francis Yu [and others].
|
| 246 |
3 |
0 |
|a Death of Captain America
|
| 264 |
|
1 |
|a New York :
|b Marvel ;
|c 2007.
|
| 264 |
|
2 |
|a London :
|b Diamond [distributor],
|
| 300 |
|
|
|a 1 volume (unpaged) :
|b color illustrations ;
|c 27 cm.
|
| 336 |
|
|
|a text
|b txt
|2 rdacontent
|
| 337 |
|
|
|a unmediated
|b n
|2 rdamedia
|
| 338 |
|
|
|a volume
|b nc
|2 rdacarrier
|
| 505 |
0 |
|
|a Denial / artist, Leinil Yu ; colors/digital inks, Dave McCaig -- Anger / pencils, Ed McGuinness ; inks, Dexter Vines ; colors, Jason Keith -- Bargaining / pencils, John Romita Jr. ; inks, Klaus Janson ; colors, Morry Hollowell -- Depression / pencils, David Finch ; inks, Danny Miki ; colors, Frank D'Armata -- Acceptance / artist, John Cassaday ; colors, Laura Martin.
|
| 520 |
|
|
|a The superhero Captain America has been killed by a sniper's bullet, and now Marvel characters--including Wolverine, the Avengers, Spider-Man, and Iron Man--reflect on his death and how his passing will change the Marvel Universe.
|
| 650 |
|
0 |
|a Captain America
|c (Fictitious character)
|v Comic books, strips, etc.
|
| 655 |
|
7 |
|a Superhero comic books, strips, etc.
|2 gsafd
|
| 655 |
|
0 |
|a Science fiction comic books, strips, etc.
|
| 655 |
|
0 |
|a Young adult fiction, American.
|
| 655 |
|
7 |
|a Graphic novels.
|2 lcgft
|
| 700 |
1 |
|
|a Yu, Leinil Francis.
|
| 938 |
|
|
|a Baker & Taylor
|b BKTY
|c 19.99
|d 14.99
|i 0785127992
|n 0007291161
|s active
|
| 938 |
|
|
|a Baker and Taylor
|b BTCP
|n BK0007291161
|
| 994 |
|
|
|a C0
|b TXA
|
| 948 |
|
|
|a cataloged
|b h
|c 2008/2/25
|d c
|e blrosas
|f 11:30:10 am
|
| 999 |
|
|
|a MARS
|
| 999 |
f |
f |
|s dcd47036-be63-30b0-b14e-c67083a17c04
|i 9f4e2a99-54d5-3af8-8804-90fd6a62db58
|t 0
|
| 952 |
f |
f |
|p normal
|a Texas A&M University
|b College Station
|c Sterling C. Evans Library
|d Evans: Library Stacks
|t 0
|e PN6728.C35 L64 2007
|h Library of Congress classification
|i unmediated -- volume
|m A14837008052
|
| 998 |
f |
f |
|a PN6728.C35 L64 2007
|t 0
|l Evans: Library Stacks
|